Le « communisme de luxe » est-il compatible avec l’écologie ? Ou comment les IA vont tout changer (notice n° 1615654)

détails MARC
000 -LEADER
fixed length control field 01346cam a2200289 4500500
005 - DATE AND TIME OF LATEST TRANSACTION
control field 20260111075039.0
041 ## - LANGUAGE CODE
Language code of text/sound track or separate title fre
042 ## - AUTHENTICATION CODE
Authentication code dc
100 10 - MAIN ENTRY--PERSONAL NAME
Personal name Dobré, Michelle
Relator term author
245 00 - TITLE STATEMENT
Title Le « communisme de luxe » est-il compatible avec l’écologie ? Ou comment les IA vont tout changer
260 ## - PUBLICATION, DISTRIBUTION, ETC.
Date of publication, distribution, etc. 2025.<br/>
500 ## - GENERAL NOTE
General note 62
520 ## - SUMMARY, ETC.
Summary, etc. Cet article propose d’analyser le contenu, la portée et les arrière-plans culturels des thèses soutenues par Aaron Bastani afin d’interroger leur pertinence face à la crise écologique actuelle.
520 ## - SUMMARY, ETC.
Summary, etc. This article proposes to analyze the content, scope and cultural background of the theses defended by Aaron Bastani in order to question their relevance regarding the current ecological crisis.
690 ## - LOCAL SUBJECT ADDED ENTRY--TOPICAL TERM (OCLC, RLIN)
Topical term or geographic name as entry element Communisme de luxe
690 ## - LOCAL SUBJECT ADDED ENTRY--TOPICAL TERM (OCLC, RLIN)
Topical term or geographic name as entry element Crise écologique
690 ## - LOCAL SUBJECT ADDED ENTRY--TOPICAL TERM (OCLC, RLIN)
Topical term or geographic name as entry element Intelligence artificielle
690 ## - LOCAL SUBJECT ADDED ENTRY--TOPICAL TERM (OCLC, RLIN)
Topical term or geographic name as entry element Optimisme technologique
690 ## - LOCAL SUBJECT ADDED ENTRY--TOPICAL TERM (OCLC, RLIN)
Topical term or geographic name as entry element Rêve de surabondance
690 ## - LOCAL SUBJECT ADDED ENTRY--TOPICAL TERM (OCLC, RLIN)
Topical term or geographic name as entry element Artificial intelligence
690 ## - LOCAL SUBJECT ADDED ENTRY--TOPICAL TERM (OCLC, RLIN)
Topical term or geographic name as entry element Ecological crisis
690 ## - LOCAL SUBJECT ADDED ENTRY--TOPICAL TERM (OCLC, RLIN)
Topical term or geographic name as entry element Luxury communism
690 ## - LOCAL SUBJECT ADDED ENTRY--TOPICAL TERM (OCLC, RLIN)
Topical term or geographic name as entry element Technological optimism
700 10 - ADDED ENTRY--PERSONAL NAME
Personal name Haesler, Aldo J.
Relator term author
786 0# - DATA SOURCE ENTRY
Note Droit, Santé et Société | 12 | 3 | 2025-12-17 | p. 29-34 | 2606-6645
856 41 - ELECTRONIC LOCATION AND ACCESS
Uniform Resource Identifier <a href="https://droit.cairn.info/revue-droit-sante-et-societe-2025-3-page-29?lang=fr&redirect-ssocas=7080">https://droit.cairn.info/revue-droit-sante-et-societe-2025-3-page-29?lang=fr&redirect-ssocas=7080</a>

Pas d'exemplaire disponible.

PLUDOC

PLUDOC est la plateforme unique et centralisée de gestion des bibliothèques physiques et numériques de Guinée administré par le CEDUST. Elle est la plus grande base de données de ressources documentaires pour les Étudiants, Enseignants chercheurs et Chercheurs de Guinée.

Adresse

627 919 101/664 919 101

25 boulevard du commerce
Kaloum, Conakry, Guinée

Réseaux sociaux

Powered by Netsen Group @ 2025